[Event "XLIV Memoriał Szachowy Ludwika Zamenhofa 2025, Grupa B"]
[Site "Bialystok, Poland"]
[Date "2025.12.30"]
[Round "8.9"]
[White "Medvedyk, Volodymyr"]
[Black "Businski, Jan"]
[Result "1-0"]
[TimeControl "90'+30\""]
[WhiteElo "2138"]
[BlackElo "1867"]

1. c4 {[%clk 01:26:11]} {[%emt 00:04:49]} e5 {[%clk 01:30:56]} {[%emt
00:00:04]} 2. Nc3 {[%clk 01:25:57]} {[%emt 00:01:14]} d6 {[%clk 01:31:50]}
{[%emt 00:00:06]} 3. g3 {[%clk 01:25:45]} {[%emt 00:00:42]} g6 {[%clk
01:31:59]} {[%emt 00:00:22]} 4. d4 {[%clk 01:24:24]} {[%emt 00:01:50]} Bg7
{[%clk 01:29:59]} {[%emt 00:02:30]} 5. Nf3 {[%clk 01:23:01]} {[%emt 00:01:52]}
Nc6 {[%clk 01:29:15]} {[%emt 00:01:16]} 6. dxe5 {[%clk 01:22:48]} {[%emt
00:00:44]} Nxe5 {[%clk 01:26:52]} {[%emt 00:02:52]} 7. Nxe5 {[%clk 01:23:15]}
{[%emt 00:00:03]} Bxe5 {[%clk 01:26:29]} {[%emt 00:00:53]} 8. Bg2 {[%clk
01:17:07]} {[%emt 00:06:37]} Bg7 {[%clk 01:25:48]} {[%emt 00:01:12]} 9. Bf4
{[%clk 00:50:06]} {[%emt 00:27:30]} Qd7 {[%clk 01:12:59]} {[%emt 00:13:20]} 10.
c5 {[%clk 00:46:33]} {[%emt 00:04:02]} Bxc3+ {[%clk 00:54:30]} {[%emt
00:18:59]} 11. bxc3 {[%clk 00:47:01]} {[%emt 00:00:03]} dxc5 {[%clk 00:54:51]}
{[%emt 00:00:09]} 12. Qb3 {[%clk 00:30:57]} {[%emt 00:16:34]} c6 {[%clk
00:48:44]} {[%emt 00:06:36]} 13. Rd1 {[%clk 00:28:14]} {[%emt 00:03:13]} Qe6
{[%clk 00:47:28]} {[%emt 00:01:47]} 14. c4 {[%clk 00:26:05]} {[%emt 00:02:39]}
f6 {[%clk 00:44:10]} {[%emt 00:03:48]} 15. Rd6 {[%clk 00:19:35]} {[%emt
00:07:00]} Qe7 {[%clk 00:41:03]} {[%emt 00:03:36]} 16. Rxc6 {[%clk 00:19:37]}
{[%emt 00:00:28]} Bg4 {[%clk 00:28:56]} {[%emt 00:12:36]} 17. O-O {[%clk
00:19:05]} {[%emt 00:01:03]} bxc6 {[%clk 00:27:30]} {[%emt 00:01:56]} 18. Bxc6+
{[%clk 00:19:34]} {[%emt 00:00:02]} Kf7 {[%clk 00:27:46]} {[%emt 00:00:13]} 19.
Bxa8 {[%clk 00:19:22]} {[%emt 00:00:43]} g5 {[%clk 00:27:24]} {[%emt 00:00:51]}
20. Be3 {[%clk 00:16:36]} {[%emt 00:03:16]} Nh6 {[%clk 00:14:41]} {[%emt
00:13:13]} 21. Bd5+ {[%clk 00:17:04]} {[%emt 00:00:02]} Kg7 {[%clk 00:14:56]}
{[%emt 00:00:15]} 22. Rb1 {[%clk 00:12:41]} {[%emt 00:04:53]} Rd8 {[%clk
00:12:17]} {[%emt 00:03:09]} 23. Qa3 {[%clk 00:10:38]} {[%emt 00:02:33]} Rd7
{[%clk 00:08:21]} {[%emt 00:04:26]} 24. f3 {[%clk 00:01:58]} {[%emt 00:09:10]}
Bf5 {[%clk 00:07:43]} {[%emt 00:01:08]} 25. Rb5 {[%clk 00:02:08]} {[%emt
00:00:20]} Qe5 {[%clk 00:07:03]} {[%emt 00:01:09]} 26. Rxc5 {[%clk 00:01:06]}
{[%emt 00:01:33]} Re7 {[%clk 00:06:55]} {[%emt 00:00:38]} 27. Kf2 {[%clk
00:00:57]} {[%emt 00:00:39]} Bh3 {[%clk 00:04:18]} {[%emt 00:03:08]} 28. Ra5
{[%clk 00:00:38]} {[%emt 00:00:49]} Nf5 {[%clk 00:00:42]} {[%emt 00:04:05]} 29.
Rxa7 {[%clk 00:01:01]} {[%emt 00:00:08]} Kh6 {[%clk 00:00:42]} {[%emt
00:00:30]} 30. Rxe7 {[%clk 00:00:50]} {[%emt 00:00:41]} Nxe7 {[%clk 00:01:07]}
{[%emt 00:00:05]} 31. f4 {[%clk 00:00:44]} {[%emt 00:00:36]} Qa1 {[%clk
00:01:00]} {[%emt 00:00:36]} 32. fxg5+ {[%clk 00:01:01]} {[%emt 00:00:14]} fxg5
{[%clk 00:01:27]} {[%emt 00:00:03]} 33. Bxg5+ {[%clk 00:00:48]} {[%emt
00:00:43]} Kxg5 {[%clk 00:00:47]} {[%emt 00:01:09]} 34. Qxe7+ {[%clk 00:01:11]}
{[%emt 00:00:07]} Kg6 {[%clk 00:01:11]} {[%emt 00:00:06]} 35. Be4+ {[%clk
00:01:07]} {[%emt 00:00:34]} Bf5 {[%clk 00:01:32]} {[%emt 00:00:08]} 36. Qe6+
{[%clk 00:01:02]} {[%emt 00:00:37]} Kg7 {[%clk 00:01:57]} {[%emt 00:00:04]} 37.
Qxf5 {[%clk 00:01:17]} {[%emt 00:00:15]} Qd4+ {[%clk 00:02:17]} {[%emt
00:00:10]} 38. Kg2 {[%clk 00:01:39]} {[%emt 00:00:09]} Qb2 {[%clk 00:02:31]}
{[%emt 00:00:15]} 39. Qxh7+ {[%clk 00:02:03]} {[%emt 00:00:07]} Kf8 {[%clk
00:02:53]} {[%emt 00:00:07]} 40. Qh6+ {[%clk 00:02:01]} {[%emt 00:00:32]} Kf7
{[%clk 00:03:13]} {[%emt 00:00:10]} 41. Bd5+ {[%clk 00:02:16]} {[%emt
00:00:15]} Ke8 {[%clk 00:03:35]} {[%emt 00:00:08]} 42. Qe6+ {[%clk 00:02:18]}
{[%emt 00:00:29]} Kd8 {[%clk 00:03:57]} {[%emt 00:00:07]} 43. Bc6 {[%clk
00:02:17]} {[%emt 00:00:31]} 1-0

[Event "XLIV Memoriał Szachowy Ludwika Zamenhofa 2025, Grupa B"]
[Site "Bialystok, Poland"]
[Date "2025.12.30"]
[Round "8.10"]
[White "Padalka, Artem"]
[Black "Kicinska, Magdalena"]
[Result "1-0"]
[TimeControl "90'+30\""]
[WhiteElo "2111"]
[BlackElo "1883"]

1. d4 {[%clk 01:17:58]} {[%emt 00:13:02]} d5 {[%clk 01:30:53]} {[%emt
00:00:08]} 2. c4 {[%clk 01:18:22]} {[%emt 00:00:06]} e6 {[%clk 01:31:19]}
{[%emt 00:00:04]} 3. Nc3 {[%clk 01:18:41]} {[%emt 00:00:11]} Nf6 {[%clk
01:31:42]} {[%emt 00:00:06]} 4. Bg5 {[%clk 01:19:03]} {[%emt 00:00:09]} Be7
{[%clk 01:32:04]} {[%emt 00:00:08]} 5. e3 {[%clk 01:19:23]} {[%emt 00:00:10]}
O-O {[%clk 01:32:21]} {[%emt 00:00:12]} 6. Nf3 {[%clk 01:19:39]} {[%emt
00:00:14]} Nbd7 {[%clk 01:32:37]} {[%emt 00:00:15]} 7. Qc2 {[%clk 01:18:52]}
{[%emt 00:01:16]} c6 {[%clk 01:32:41]} {[%emt 00:00:27]} 8. a3 {[%clk
01:12:06]} {[%emt 00:07:16]} Re8 {[%clk 01:28:51]} {[%emt 00:04:20]} 9. Rc1
{[%clk 01:07:12]} {[%emt 00:05:22]} Nf8 {[%clk 01:23:23]} {[%emt 00:05:59]} 10.
Bd3 {[%clk 00:55:00]} {[%emt 00:12:42]} Ng6 {[%clk 01:21:23]} {[%emt 00:02:31]}
11. h4 {[%clk 00:48:55]} {[%emt 00:06:34]} dxc4 {[%clk 01:18:10]} {[%emt
00:03:43]} 12. Bxc4 {[%clk 00:49:15]} {[%emt 00:00:10]} h6 {[%clk 01:13:53]}
{[%emt 00:04:47]} 13. h5 {[%clk 00:47:33]} {[%emt 00:02:12]} Nf8 {[%clk
01:13:17]} {[%emt 00:01:06]} 14. Bh4 {[%clk 00:45:10]} {[%emt 00:02:53]} Ng4
{[%clk 01:08:15]} {[%emt 00:05:31]} 15. Bg3 {[%clk 00:37:44]} {[%emt 00:07:57]}
Bd6 {[%clk 01:01:42]} {[%emt 00:07:03]} 16. Ne5 {[%clk 00:35:13]} {[%emt
00:03:00]} Nf6 {[%clk 00:51:48]} {[%emt 00:10:24]} 17. Be2 {[%clk 00:29:06]}
{[%emt 00:06:38]} Nd5 {[%clk 00:47:16]} {[%emt 00:05:01]} 18. Ne4 {[%clk
00:26:42]} {[%emt 00:02:55]} Bc7 {[%clk 00:41:36]} {[%emt 00:06:10]} 19. O-O
{[%clk 00:23:29]} {[%emt 00:03:43]} f5 {[%clk 00:33:53]} {[%emt 00:08:15]} 20.
Nc5 {[%clk 00:20:04]} {[%emt 00:03:54]} Qg5 {[%clk 00:31:58]} {[%emt 00:02:24]}
21. Qd3 {[%clk 00:15:35]} {[%emt 00:04:59]} f4 {[%clk 00:24:11]} {[%emt
00:08:17]} 22. Ne4 {[%clk 00:15:17]} {[%emt 00:00:48]} Qf5 {[%clk 00:21:08]}
{[%emt 00:03:33]} 23. Bg4 {[%clk 00:15:16]} {[%emt 00:00:31]} Qh7 {[%clk
00:21:21]} {[%emt 00:00:17]} 24. Bxf4 {[%clk 00:14:25]} {[%emt 00:01:21]} Nxf4
{[%clk 00:18:19]} {[%emt 00:03:33]} 25. exf4 {[%clk 00:14:52]} {[%emt
00:00:02]} Rd8 {[%clk 00:17:23]} {[%emt 00:01:26]} 26. Rfd1 {[%clk 00:14:00]}
{[%emt 00:01:22]} Bd7 {[%clk 00:16:07]} {[%emt 00:01:46]} 27. Qe3 {[%clk
00:12:33]} {[%emt 00:01:57]} Be8 {[%clk 00:10:20]} {[%emt 00:06:16]} 28. Nc5
{[%clk 00:12:24]} {[%emt 00:00:40]} Kh8 {[%clk 00:10:22]} {[%emt 00:00:28]} 29.
b3 {[%clk 00:08:16]} {[%emt 00:04:38]} Rab8 {[%clk 00:09:50]} {[%emt 00:01:03]}
30. g3 {[%clk 00:07:20]} {[%emt 00:01:24]} Bd6 {[%clk 00:08:43]} {[%emt
00:01:38]} 31. a4 {[%clk 00:06:49]} {[%emt 00:01:01]} a5 {[%clk 00:08:29]}
{[%emt 00:00:45]} 32. Ne4 {[%clk 00:05:43]} {[%emt 00:01:34]} Ba3 {[%clk
00:07:44]} {[%emt 00:01:16]} 33. Ra1 {[%clk 00:05:17]} {[%emt 00:00:56]} Bb4
{[%clk 00:07:49]} {[%emt 00:00:26]} 34. Nd3 {[%clk 00:04:25]} {[%emt 00:01:22]}
Be7 {[%clk 00:07:51]} {[%emt 00:00:28]} 35. Nec5 {[%clk 00:03:54]} {[%emt
00:01:00]} Bf6 {[%clk 00:07:03]} {[%emt 00:01:19]} 36. Ne5 {[%clk 00:04:15]}
{[%emt 00:00:09]} Qg8 {[%clk 00:05:58]} {[%emt 00:01:35]} 37. Nc4 {[%clk
00:04:11]} {[%emt 00:00:34]} b6 {[%clk 00:05:46]} {[%emt 00:00:42]} 38. Ne4
{[%clk 00:04:08]} {[%emt 00:00:32]} Be7 {[%clk 00:04:39]} {[%emt 00:01:38]} 39.
Rac1 {[%clk 00:03:51]} {[%emt 00:00:47]} b5 {[%clk 00:04:19]} {[%emt 00:00:49]}
40. Nxa5 {[%clk 00:03:45]} {[%emt 00:00:36]} bxa4 {[%clk 00:04:33]} {[%emt
00:00:16]} 41. bxa4 {[%clk 00:03:58]} {[%emt 00:00:17]} Ra8 {[%clk 00:04:45]}
{[%emt 00:00:19]} 42. Nb7 {[%clk 00:03:18]} {[%emt 00:01:10]} Rd5 {[%clk
00:04:37]} {[%emt 00:00:38]} 43. a5 {[%clk 00:02:48]} {[%emt 00:01:00]} Bb4
{[%clk 00:04:14]} {[%emt 00:00:52]} 44. Nec5 {[%clk 00:02:40]} {[%emt
00:00:39]} Bxh5 {[%clk 00:03:43]} {[%emt 00:01:01]} 45. Bxh5 {[%clk 00:02:54]}
{[%emt 00:00:15]} Rxh5 {[%clk 00:04:07]} {[%emt 00:00:07]} 46. a6 {[%clk
00:03:05]} {[%emt 00:00:19]} Qf7 {[%clk 00:03:47]} {[%emt 00:00:49]} 47. Rb1
{[%clk 00:03:17]} {[%emt 00:00:18]} Bxc5 {[%clk 00:02:59]} {[%emt 00:01:19]} 48.
Nxc5 {[%clk 00:03:45]} {[%emt 00:00:01]} g5 {[%clk 00:01:19]} {[%emt 00:02:11]}
49. Qe5+ {[%clk 00:03:53]} {[%emt 00:00:22]} Kg8 {[%clk 00:01:33]} {[%emt
00:00:15]} 50. Rb7 {[%clk 00:04:02]} {[%emt 00:00:22]} Qg6 {[%clk 00:01:08]}
{[%emt 00:00:55]} 51. Ne4 {[%clk 00:02:04]} {[%emt 00:02:27]} Nh7 {[%clk
00:00:38]} {[%emt 00:01:01]} 52. a7 {[%clk 00:01:16]} {[%emt 00:01:18]} gxf4
{[%clk 00:00:36]} {[%emt 00:00:31]} 53. Rb8+ {[%clk 00:01:31]} {[%emt
00:00:15]} 1-0

[Event "XLIV Memoriał Szachowy Ludwika Zamenhofa 2025, Grupa B"]
[Site "Bialystok, Poland"]
[Date "2025.12.30"]
[Round "8.11"]
[White "Sawicki, Dorian"]
[Black "Kicinski, Jacek"]
[Result "1-0"]
[TimeControl "90'+30\""]
[WhiteElo "1992"]
[BlackElo "1878"]

1. d4 {[%clk 01:30:58]} {[%emt 00:00:01]} d5 {[%clk 01:30:45]} {[%emt
00:00:15]} 2. Nf3 {[%clk 01:31:21]} {[%emt 00:00:07]} Nf6 {[%clk 01:31:05]}
{[%emt 00:00:10]} 3. c4 {[%clk 01:31:49]} {[%emt 00:00:02]} e6 {[%clk
01:30:36]} {[%emt 00:00:59]} 4. Nc3 {[%clk 01:32:12]} {[%emt 00:00:06]} Be7
{[%clk 01:30:35]} {[%emt 00:00:31]} 5. Bg5 {[%clk 01:32:14]} {[%emt 00:00:28]}
O-O {[%clk 01:30:27]} {[%emt 00:00:39]} 6. e3 {[%clk 01:32:13]} {[%emt
00:00:31]} Nbd7 {[%clk 01:29:33]} {[%emt 00:01:24]} 7. Qc2 {[%clk 01:32:03]}
{[%emt 00:00:40]} c6 {[%clk 01:27:05]} {[%emt 00:02:58]} 8. cxd5 {[%clk
01:30:16]} {[%emt 00:02:17]} Nxd5 {[%clk 01:26:17]} {[%emt 00:01:18]} 9. Bxe7
{[%clk 01:28:38]} {[%emt 00:02:07]} Qxe7 {[%clk 01:26:34]} {[%emt 00:00:14]} 10.
Rc1 {[%clk 01:26:49]} {[%emt 00:02:18]} Re8 {[%clk 01:23:57]} {[%emt 00:03:07]}
11. e4 {[%clk 01:21:34]} {[%emt 00:05:45]} Nxc3 {[%clk 01:20:11]} {[%emt
00:04:16]} 12. bxc3 {[%clk 01:21:41]} {[%emt 00:00:23]} e5 {[%clk 01:20:20]}
{[%emt 00:00:21]} 13. Bd3 {[%clk 01:21:07]} {[%emt 00:01:05]} exd4 {[%clk
01:17:44]} {[%emt 00:03:06]} 14. cxd4 {[%clk 01:21:30]} {[%emt 00:00:08]} Qb4+
{[%clk 01:17:41]} {[%emt 00:00:33]} 15. Qd2 {[%clk 01:18:25]} {[%emt 00:03:34]}
Qxd2+ {[%clk 01:17:20]} {[%emt 00:00:51]} 16. Kxd2 {[%clk 01:17:30]} {[%emt
00:01:25]} Nb6 {[%clk 01:10:33]} {[%emt 00:07:17]} 17. a3 {[%clk 01:13:09]}
{[%emt 00:04:51]} Be6 {[%clk 01:07:34]} {[%emt 00:03:29]} 18. h3 {[%clk
01:09:47]} {[%emt 00:03:52]} Rad8 {[%clk 01:07:56]} {[%emt 00:00:08]} 19. Rc2
{[%clk 01:07:28]} {[%emt 00:02:48]} Re7 {[%clk 01:06:45]} {[%emt 00:01:41]} 20.
Rb1 {[%clk 01:06:33]} {[%emt 00:01:25]} f6 {[%clk 01:05:50]} {[%emt 00:01:26]}
21. Rb4 {[%clk 01:03:32]} {[%emt 00:03:30]} Bf7 {[%clk 01:01:09]} {[%emt
00:05:11]} 22. Ng1 {[%clk 01:00:18]} {[%emt 00:03:44]} Nc8 {[%clk 00:55:19]}
{[%emt 00:06:20]} 23. Ne2 {[%clk 00:55:48]} {[%emt 00:05:01]} Rdd7 {[%clk
00:45:41]} {[%emt 00:10:08]} 24. g4 {[%clk 00:49:52]} {[%emt 00:06:25]} h6
{[%clk 00:44:29]} {[%emt 00:01:43]} 25. f3 {[%clk 00:48:58]} {[%emt 00:01:23]}
Nd6 {[%clk 00:41:49]} {[%emt 00:03:10]} 26. Ng3 {[%clk 00:42:25]} {[%emt
00:07:03]} Rd8 {[%clk 00:35:36]} {[%emt 00:06:43]} 27. h4 {[%clk 00:38:54]}
{[%emt 00:04:01]} Be6 {[%clk 00:33:06]} {[%emt 00:03:00]} 28. Rc5 {[%clk
00:37:50]} {[%emt 00:01:35]} g5 {[%clk 00:19:09]} {[%emt 00:14:26]} 29. hxg5
{[%clk 00:35:59]} {[%emt 00:02:21]} hxg5 {[%clk 00:18:09]} {[%emt 00:01:31]} 30.
Nh5 {[%clk 00:32:50]} {[%emt 00:03:39]} Kf7 {[%clk 00:15:01]} {[%emt 00:03:38]}
31. Ke3 {[%clk 00:17:57]} {[%emt 00:15:23]} Bd7 {[%clk 00:05:58]} {[%emt
00:09:33]} 32. Kf2 {[%clk 00:16:04]} {[%emt 00:02:22]} Be6 {[%clk 00:03:14]}
{[%emt 00:03:14]} 33. Ng3 {[%clk 00:13:40]} {[%emt 00:02:55]} Bc8 {[%clk
00:03:04]} {[%emt 00:00:40]} 34. Bb1 {[%clk 00:13:22]} {[%emt 00:00:48]} Nb5
{[%clk 00:02:56]} {[%emt 00:00:38]} 35. Ba2+ {[%clk 00:08:32]} {[%emt
00:05:19]} Be6 {[%clk 00:03:22]} {[%emt 00:00:05]} 36. d5 {[%clk 00:08:55]}
{[%emt 00:00:07]} 1-0

[Event "XLIV Memoriał Szachowy Ludwika Zamenhofa 2025, Grupa B"]
[Site "Bialystok, Poland"]
[Date "2025.12.30"]
[Round "8.12"]
[White "Szuminski, Jakub"]
[Black "Jaszczuk, Piotr"]
[Result "1-0"]
[TimeControl "90'+30\""]
[WhiteElo "1962"]
[BlackElo "1844"]

1. e4 {[%clk 01:25:18]} {[%emt 00:05:42]} c5 {[%clk 01:30:59]} {[%emt
00:00:02]} 2. Nf3 {[%clk 01:25:42]} {[%emt 00:00:06]} Nc6 {[%clk 01:31:24]}
{[%emt 00:00:04]} 3. Bb5 {[%clk 01:26:08]} {[%emt 00:00:03]} Nf6 {[%clk
01:31:47]} {[%emt 00:00:09]} 4. Nc3 {[%clk 01:26:34]} {[%emt 00:00:03]} g6
{[%clk 01:32:10]} {[%emt 00:00:07]} 5. e5 {[%clk 01:27:00]} {[%emt 00:00:04]}
Nh5 {[%clk 01:32:32]} {[%emt 00:00:08]} 6. O-O {[%clk 01:27:12]} {[%emt
00:00:19]} Nf4 {[%clk 01:31:12]} {[%emt 00:01:50]} 7. d4 {[%clk 01:23:23]}
{[%emt 00:04:19]} cxd4 {[%clk 01:30:49]} {[%emt 00:00:53]} 8. Nxd4 {[%clk
01:21:05]} {[%emt 00:02:47]} Nxd4 {[%clk 01:31:10]} {[%emt 00:00:09]} 9. Qxd4
{[%clk 01:21:23]} {[%emt 00:00:12]} Ne6 {[%clk 01:31:31]} {[%emt 00:00:09]} 10.
Qh4 {[%clk 01:21:16]} {[%emt 00:00:34]} Bg7 {[%clk 01:26:21]} {[%emt 00:05:42]}
11. f4 {[%clk 01:17:43]} {[%emt 00:04:03]} Nd4 {[%clk 01:16:29]} {[%emt
00:10:23]} 12. Qf2 {[%clk 01:12:24]} {[%emt 00:05:50]} Nxb5 {[%clk 01:11:03]}
{[%emt 00:05:55]} 13. Nxb5 {[%clk 01:12:49]} {[%emt 00:00:05]} a6 {[%clk
01:10:59]} {[%emt 00:00:35]} 14. Be3 {[%clk 01:12:48]} {[%emt 00:00:30]} Qa5
{[%clk 01:07:06]} {[%emt 00:04:24]} 15. Nc3 {[%clk 01:11:13]} {[%emt 00:02:04]}
Qc7 {[%clk 01:00:47]} {[%emt 00:06:49]} 16. Bb6 {[%clk 01:09:34]} {[%emt
00:02:09]} Qc4 {[%clk 00:57:34]} {[%emt 00:03:43]} 17. Rad1 {[%clk 01:07:56]}
{[%emt 00:02:06]} d6 {[%clk 00:45:27]} {[%emt 00:12:39]} 18. Nd5 {[%clk
01:03:48]} {[%emt 00:04:38]} Be6 {[%clk 00:42:20]} {[%emt 00:03:37]} 19. Nc7+
{[%clk 01:02:48]} {[%emt 00:01:31]} Kd7 {[%clk 00:42:44]} {[%emt 00:00:06]} 20.
Nxa8 {[%clk 01:03:09]} {[%emt 00:00:09]} Rxa8 {[%clk 00:43:08]} {[%emt
00:00:05]} 21. exd6 {[%clk 01:03:06]} {[%emt 00:00:33]} exd6 {[%clk 00:42:25]}
{[%emt 00:01:14]} 22. b3 {[%clk 01:03:21]} {[%emt 00:00:14]} Qc3 {[%clk
00:40:49]} {[%emt 00:02:06]} 23. Bd4 {[%clk 01:03:11]} {[%emt 00:00:41]} Bxd4
{[%clk 00:41:11]} {[%emt 00:00:08]} 24. Qxd4 {[%clk 01:03:29]} {[%emt
00:00:11]} Qxd4+ {[%clk 00:33:37]} {[%emt 00:08:04]} 25. Rxd4 {[%clk 01:03:52]}
{[%emt 00:00:06]} Rc8 {[%clk 00:33:59]} {[%emt 00:00:08]} 26. c4 {[%clk
01:04:18]} {[%emt 00:00:06]} Rc6 {[%clk 00:32:34]} {[%emt 00:01:55]} 27. h3
{[%clk 01:04:29]} {[%emt 00:00:18]} h5 {[%clk 00:31:11]} {[%emt 00:01:53]} 28.
Rfd1 {[%clk 01:04:52]} {[%emt 00:00:07]} Ke7 {[%clk 00:29:24]} {[%emt
00:02:17]} 29. Kf2 {[%clk 01:05:16]} {[%emt 00:00:05]} a5 {[%clk 00:26:30]}
{[%emt 00:03:25]} 30. a4 {[%clk 01:05:16]} {[%emt 00:00:29]} Rb6 {[%clk
00:25:48]} {[%emt 00:01:14]} 31. R1d3 {[%clk 01:05:40]} {[%emt 00:00:05]} Bf5
{[%clk 00:22:59]} {[%emt 00:03:20]} 32. Re3+ {[%clk 01:06:02]} {[%emt
00:00:06]} Kf8 {[%clk 00:21:36]} {[%emt 00:01:53]} 33. Rd5 {[%clk 01:06:14]}
{[%emt 00:00:18]} Bc2 {[%clk 00:19:26]} {[%emt 00:02:41]} 34. Rb5 {[%clk
01:06:38]} {[%emt 00:00:06]} Rxb5 {[%clk 00:19:51]} {[%emt 00:00:05]} 35. cxb5
{[%clk 01:07:03]} {[%emt 00:00:05]} Bf5 {[%clk 00:18:31]} {[%emt 00:01:50]} 36.
Ke1 {[%clk 01:06:02]} {[%emt 00:01:30]} d5 {[%clk 00:18:10]} {[%emt 00:00:52]}
37. Kd2 {[%clk 01:05:58]} {[%emt 00:00:33]} d4 {[%clk 00:17:38]} {[%emt
00:01:02]} 38. Re5 {[%clk 01:06:14]} {[%emt 00:00:13]} Be6 {[%clk 00:18:01]}
{[%emt 00:00:09]} 39. b6 {[%clk 01:06:01]} {[%emt 00:00:43]} Bxb3 {[%clk
00:17:58]} {[%emt 00:00:34]} 40. Rxa5 {[%clk 01:06:26]} {[%emt 00:00:05]} Ke7
{[%clk 00:18:04]} {[%emt 00:00:23]} 41. Kd3 {[%clk 01:06:43]} {[%emt 00:00:11]}
Kd6 {[%clk 00:18:22]} {[%emt 00:00:13]} 42. Kxd4 {[%clk 01:07:08]} {[%emt
00:00:06]} Kc6 {[%clk 00:18:37]} {[%emt 00:00:15]} 43. Rc5+ {[%clk 01:07:34]}
{[%emt 00:00:04]} Kd6 {[%clk 00:18:25]} {[%emt 00:00:42]} 44. a5 {[%clk
01:07:59]} {[%emt 00:00:05]} Kd5+ {[%clk 00:17:55]} {[%emt 00:00:14]} 45. Ke4+
1-0

[Event "XLIV Memoriał Szachowy Ludwika Zamenhofa 2025, Grupa B"]
[Site "Bialystok, Poland"]
[Date "2025.12.30"]
[Round "8.13"]
[White "Mykhaliuk, Mykhailo"]
[Black "Ciszewski, Krzysztof"]
[Result "1-0"]
[TimeControl "90'+30\""]
[WhiteElo "1775"]
[BlackElo "2091"]

1. e4 {[%clk 01:30:58]} {[%emt 00:00:02]} c5 {[%clk 01:30:54]} {[%emt
00:00:07]} 2. Nf3 {[%clk 01:31:16]} {[%emt 00:00:11]} d6 {[%clk 01:31:18]}
{[%emt 00:00:06]} 3. d4 {[%clk 01:31:01]} {[%emt 00:00:45]} cxd4 {[%clk
01:31:44]} {[%emt 00:00:05]} 4. Nxd4 {[%clk 01:31:08]} {[%emt 00:00:23]} Nf6
{[%clk 01:31:56]} {[%emt 00:00:18]} 5. Nc3 {[%clk 01:31:24]} {[%emt 00:00:14]}
a6 {[%clk 01:32:21]} {[%emt 00:00:05]} 6. Bg5 {[%clk 01:31:46]} {[%emt
00:00:07]} e6 {[%clk 01:32:43]} {[%emt 00:00:08]} 7. f4 {[%clk 01:31:33]}
{[%emt 00:00:43]} h6 {[%clk 01:33:08]} {[%emt 00:00:05]} 8. Bh4 {[%clk
01:29:37]} {[%emt 00:02:26]} Qb6 {[%clk 01:33:34]} {[%emt 00:00:04]} 9. Nb3
{[%clk 01:25:55]} {[%emt 00:04:13]} Be7 {[%clk 01:33:52]} {[%emt 00:00:12]} 10.
Bf2 {[%clk 01:25:41]} {[%emt 00:00:42]} Qc7 {[%clk 01:34:18]} {[%emt 00:00:06]}
11. Be2 {[%clk 01:24:36]} {[%emt 00:01:33]} b5 {[%clk 01:33:23]} {[%emt
00:01:26]} 12. a3 {[%clk 01:23:49]} {[%emt 00:01:17]} Bb7 {[%clk 01:33:44]}
{[%emt 00:00:09]} 13. Bf3 {[%clk 01:23:49]} {[%emt 00:00:29]} Nbd7 {[%clk
01:33:52]} {[%emt 00:00:24]} 14. O-O {[%clk 01:22:41]} {[%emt 00:01:37]} Rc8
{[%clk 01:34:14]} {[%emt 00:00:09]} 15. Re1 {[%clk 01:21:00]} {[%emt 00:02:08]}
O-O {[%clk 01:34:23]} {[%emt 00:00:23]} 16. Qd2 {[%clk 01:19:22]} {[%emt
00:02:08]} Rfd8 {[%clk 01:33:21]} {[%emt 00:01:32]} 17. Rad1 {[%clk 01:19:28]}
{[%emt 00:00:22]} Nb6 {[%clk 01:31:21]} {[%emt 00:02:32]} 18. Na5 {[%clk
01:18:34]} {[%emt 00:01:24]} Ba8 {[%clk 01:30:52]} {[%emt 00:00:58]} 19. Qe3
{[%clk 01:17:32]} {[%emt 00:01:25]} Nc4 {[%clk 01:26:09]} {[%emt 00:05:22]} 20.
Nxc4 {[%clk 01:17:29]} {[%emt 00:00:33]} Qxc4 {[%clk 01:26:30]} {[%emt
00:00:08]} 21. Qa7 {[%clk 01:15:43]} {[%emt 00:02:16]} Bf8 {[%clk 01:19:12]}
{[%emt 00:07:48]} 22. Qxa6 {[%clk 01:15:14]} {[%emt 00:01:00]} b4 {[%clk
01:05:13]} {[%emt 00:14:29]} 23. Qxc4 {[%clk 01:13:56]} {[%emt 00:01:47]} Rxc4
{[%clk 01:05:38]} {[%emt 00:00:05]} 24. Be2 {[%clk 01:14:01]} {[%emt 00:00:25]}
bxc3 {[%clk 01:06:04]} {[%emt 00:00:05]} 25. Bxc4 {[%clk 01:13:55]} {[%emt
00:00:35]} Nxe4 {[%clk 01:06:30]} {[%emt 00:00:05]} 26. b4 {[%clk 01:13:10]}
{[%emt 00:01:15]} Nxf2 {[%clk 01:06:12]} {[%emt 00:00:48]} 27. Kxf2 {[%clk
01:13:30]} {[%emt 00:00:09]} Rc8 {[%clk 01:05:25]} {[%emt 00:01:17]} 28. Bb3
{[%clk 01:13:21]} {[%emt 00:00:39]} d5 {[%clk 01:05:23]} {[%emt 00:00:33]} 29.
f5 {[%clk 01:13:15]} {[%emt 00:00:35]} Rc6 {[%clk 01:02:15]} {[%emt 00:03:38]}
30. Kg1 {[%clk 01:10:51]} {[%emt 00:02:51]} Ra6 {[%clk 01:01:49]} {[%emt
00:00:59]} 31. b5 {[%clk 01:07:23]} {[%emt 00:03:58]} Rxa3 {[%clk 01:02:03]}
{[%emt 00:00:17]} 32. fxe6 {[%clk 01:07:21]} {[%emt 00:00:32]} fxe6 {[%clk
01:02:30]} {[%emt 00:00:03]} 33. Rxe6 {[%clk 01:07:05]} {[%emt 00:00:44]} Bc5+
{[%clk 01:02:58]} {[%emt 00:00:03]} 34. Kf1 {[%clk 01:06:35]} {[%emt 00:00:57]}
Kf7 {[%clk 01:02:41]} {[%emt 00:00:50]} 35. Ra6 {[%clk 01:04:43]} {[%emt
00:02:22]} Rxa6 {[%clk 01:03:08]} {[%emt 00:00:04]} 36. bxa6 {[%clk 01:05:02]}
{[%emt 00:00:11]} Ke6 {[%clk 01:03:34]} {[%emt 00:00:04]} 37. a7 {[%clk
01:04:54]} {[%emt 00:00:38]} Bc6 {[%clk 01:03:30]} {[%emt 00:00:34]} 38. Rxd5
{[%clk 01:04:47]} {[%emt 00:00:37]} Ke5 {[%emt 00:00:11]} 1-0